| 000 | 007380000a22002170004500 | ||
|---|---|---|---|
| 003 | LK-CoMWRAF | ||
| 005 | 20231113134157.0 | ||
| 008 | 230817t1999 ||||| |||| 00| 0 eng d | ||
| 020 | _a0761993029 | ||
| 040 |
_aLK-CoMWRAF _dLK-CoMWRAF _eLK-CoMWRAF |
||
| 041 | _aeng | ||
| 082 |
_a792 _bOBE |
||
| 100 | _aObeyesekere, Ranjini | ||
| 245 |
_aSri Lanka theater in a time of terror: _bpolitical satire in a permitted space |
||
| 260 |
_aColombo: _bCharles Subasinghe, _c1999 |
||
| 300 |
_a208 p. : ill. ; 23 cm. _bBibliography and index included |
||
| 650 | _aTHEATER-Political aspects--Sri Lanka | ||
| 650 | _aTheater--Sri Lanka--History--20th century. | ||
| 650 | _aSinhalese drama--20th century--History and criticism. | ||
| 942 | _cBK | ||
| 999 |
_c2948 _d2948 |
||